000 01032nam a2200349 a 4500
003 AR-BaBNM
005 20251128205604.0
008 082120s2002 ||||||||||||||000 | spa||
020 _a84-7738-200-X
040 _cAR-BaBNM
100 1 _aNuñez Florencio, Rafael
245 0 0 _aSociedad y política en el siglo XX
_bViejos y nuevos movimientos sociales
260 _aMadrid
_bSíntesis
_c1993
300 _a303 p.
490 0 _aHistoria Universal: contemporánea
_vv. 25
500 _aApéndice p. 285-303
504 _aLa bibliografía para consultar se encuentra al final de cada capítulo
650 4 _aSIGLO VEINTE
650 4 _aSINDICALISMO
650 4 _aGUERRA CIVIL
650 4 _aANARQUISMO
650 4 _aFASCISMO
650 4 _aHISTORIA SOCIAL
650 4 _aISLAM
651 4 _aAmérica Latina
653 _aMAOISMO
653 _aTEOLOGIA DE LA LIBERACION
800 1 _aPlácido Suárez, Domingo
_edirector
800 1 _aHernández Sandoica, Elena
_ecoordinador
942 _cBK
998 _cMariana
999 _c12021
_d12021